| 000 | 00548nam a2200181Ia 4500 | ||
|---|---|---|---|
| 008 | 131103s9999 xx 000 0 und d | ||
| 040 | _aLoreto College | ||
| 041 | _aEnglish | ||
| 082 |
_aL-04/821.09/LAN _bLCLIB/ENSEM |
||
| 100 | _aLangbaum,Robert | ||
| 245 | 4 |
_aThe Poetry of experience _cRobert Langbaum |
|
| 260 |
_aHarmondsworth _bPenguin Books _c1974 |
||
| 300 |
_aix,242 p. _c 21 x 25 cm. |
||
| 504 | _aIncludes bibliographical references and index | ||
| 650 | _aEnglish Poetry - History and Criticism | ||
| 850 | _aLCLIB | ||
| 942 | _cBK | ||
| 999 |
_c13376 _d63855 |
||